Aktarım Tamamlandı — 

Lý thuyết hạch toán kế toán

保存先:
書誌詳細
第一著者: NGUYỄN THỊ ĐÔNG
フォーマット: 図書
言語:Undetermined
出版事項: Tài chính 2002
タグ: タグ追加
タグなし, このレコードへの初めてのタグを付けませんか!
Thư viện lưu trữ: Trung tâm Học liệu Trường Đại học Cần Thơ
LEADER 00424nam a2200145Ia 4500
001 CTU_48345
008 210402s9999 xx 000 0 und d
082 |a 657 
082 |b Đ455/2002 
100 |a NGUYỄN THỊ ĐÔNG 
245 0 |a Lý thuyết hạch toán kế toán 
245 0 |c NGUYỄN THỊ ĐÔNG 
260 |b Tài chính 
260 |c 2002 
980 |a Trung tâm Học liệu Trường Đại học Cần Thơ